[Event "TCh-ESP Div Honor 2015"]
[Site "Linares ESP"]
[Date "2015.08.16"]
[Round "2.4"]
[Board "6"]
[White "Aranaz Murillo, Amalia"]
[Black "De La Villa Garcia, Jesus Maria"]
[Result "0-1"]
[WhiteTitle "WIM"]
[BlackTitle "GM"]
[WhiteElo "2287"]
[BlackElo "2467"]
[WhiteTeam "Escola d'escacs de Barcelona"]
[BlackTeam "Solvay"]
[WhiteFideId "22200371"]
[BlackFideId "2200040"]
[EventDate "2015.08.15"]

1. Nf3 d5 2. g3 Nf6 3. Bg2 c5 4. c4 Nc6 5. cxd5 Nxd5 6. O-O e5 7. Nc3 Nc7 8. a3
Rb8 9. Rb1 Bf5 10. d3 Be7 11. Nd2 Qd7 12. Nc4 Bh3 13. Be3 Bxg2 14. Kxg2 O-O 15.
Nd2 Ne6 16. Nf3 f5 17. b4 cxb4 18. axb4 Bxb4 19. Qb3 Bxc3 20. Qxc3 f4 21. Bc5
Rf5 22. g4 Rf7 23. h3 Rc8 24. Ba3 Ncd4 25. Qa5 b5 26. Bb2 Nxf3 27. exf3 Ng5 28.
Qa6 Nxf3 29. Rfc1 Nh4+ 30. Kg1 Rff8 31. Ba3 Qd5 0-1

[Event "TCh-ESP Div Honor 2015"]
[Site "Linares ESP"]
[Date "2015.08.17"]
[Round "3.1"]
[Board "1"]
[White "Rakhmanov, Aleksandr"]
[Black "Van Wely, Loek"]
[Result "1/2-1/2"]
[WhiteTitle "GM"]
[BlackTitle "GM"]
[WhiteElo "2620"]
[BlackElo "2654"]
[WhiteTeam "Escola d'escacs de Barcelona"]
[BlackTeam "Gros Xake Taldea"]
[WhiteFideId "4173708"]
[BlackFideId "1000268"]
[EventDate "2015.08.15"]

1. d4 d5 2. c4 e6 3. Nc3 c6 4. e3 Nf6 5. Bd2 Nbd7 6. Rc1 a6 7. cxd5 exd5 8. Bd3
Bd6 9. Nge2 O-O 10. O-O Re8 11. f3 c5 12. Bb1 b5 13. dxc5 Bxc5 14. Nd4 Ne5 15.
b3 Ba3 16. Rc2 Nd3 17. Nce2 Bd7 18. Rc3 Ne5 19. Be1 Ng6 20. Bf2 Bd6 21. Qd3 Ne5
22. Qd1 Ng6 23. Bf5 Bb4 24. Rc2 Bxf5 25. Nxf5 Qd7 26. Nfd4 Rac8 27. Qb1 Rxc2 28.
Nxc2 Bc5 29. Ncd4 Rc8 30. Rd1 Bb6 31. Qf5 Qxf5 32. Nxf5 Rc2 33. Rc1 Rxc1+ 34.
Nxc1 Ne5 35. Bh4 g6 36. Bxf6 gxf5 37. Kf2 f4 38. Bxe5 Bxe3+ 39. Ke2 Bxc1 40. Kd3
f6 41. Bxf6 Kf7 42. Bd4 Ke6 43. g4 fxg3 44. hxg3 h5 45. Bf2 Bg5 46. Kd4 Be7 47.
a4 bxa4 48. bxa4 Kd6 49. Be3 Bf6+ 50. Kd3 Ke6 51. Bf4 Kf5 52. Bb8 Bg7 53. Ba7
Be5 54. Bf2 Bc7 55. Be1 Ke5 1/2-1/2

[Event "TCh-ESP Div Honor 2015"]
[Site "Linares ESP"]
[Date "2015.08.17"]
[Round "3.1"]
[Board "2"]
[White "Naiditsch, Arkadij"]
[Black "Spraggett, Kevin"]
[Result "1-0"]
[WhiteTitle "GM"]
[BlackTitle "GM"]
[WhiteElo "2685"]
[BlackElo "2545"]
[WhiteTeam "Gros Xake Taldea"]
[BlackTeam "Escola d'escacs de Barcelona"]
[WhiteFideId "4650891"]
[BlackFideId "2600013"]
[EventDate "2015.08.15"]

1. e4 Nf6 2. Nc3 d6 3. d4 g6 4. Be3 c6 5. Qd2 Nbd7 6. Nf3 Qc7 7. a4 Bg7 8. Bh6
O-O 9. h4 Bxh6 10. Qxh6 Ng4 11. Qd2 h5 12. Ng5 e5 13. Be2 Ngf6 14. O-O-O Qb6 15.
dxe5 dxe5 16. g4 Qxf2 17. gxh5 Nxh5 18. Nh3 Qxh4 19. Bxh5 Qxh5 20. Ng5 Qg4 21.
Rdf1 f6 22. Nh7 Rf7 23. Qh6 1-0

[Event "TCh-ESP Div Honor 2015"]
[Site "Linares ESP"]
[Date "2015.08.17"]
[Round "3.1"]
[Board "3"]
[White "Narciso Dublan, Marc"]
[Black "Franco Alonso, Alejandro"]
[Result "1/2-1/2"]
[WhiteTitle "GM"]
[BlackTitle "IM"]
[WhiteElo "2532"]
[BlackElo "2459"]
[WhiteTeam "Escola d'escacs de Barcelona"]
[BlackTeam "Gros Xake Taldea"]
[WhiteFideId "2201500"]
[BlackFideId "2214067"]
[EventDate "2015.08.15"]

1. d4 Nf6 2. c4 e6 3. Nc3 Bb4 4. Qc2 O-O 5. Nf3 c5 6. dxc5 Na6 7. g3 Nxc5 8. Bg2
b6 9. O-O Bb7 10. Nb5 Be4 11. Qd1 Nb7 12. Bf4 a6 13. Nd6 Bxd6 14. Bxd6 Nxd6 15.
Qxd6 Rc8 16. Ne5 Bxg2 17. Kxg2 Qc7 18. Rfd1 Qb7+ 19. f3 Rc7 20. a4 Rfc8 21. b3
Ne8 22. Qb4 d6 23. Nd3 a5 24. Qa3 d5 25. Rac1 Nf6 26. Ne5 h5 27. Rd4 Rc5 28. Qb2
Qb8 29. Rd3 Qb7 30. Qd4 Qc7 31. Rcd1 Rb8 32. R3d2 dxc4 33. Nxc4 b5 34. axb5
Rcxb5 35. Qd6 Qxd6 36. Rxd6 Rxb3 37. Nxa5 Rb2 38. R6d2 Nd5 39. Rxb2 Rxb2 40. Re1
g6 41. Nc4 Rc2 42. Ne5 Kg7 43. Nd3 Kf6 44. f4 Ne3+ 45. Kf3 Nf5 46. Nf2 Rc3+ 47.
e3 Ra3 48. g4 hxg4+ 49. Nxg4+ Kg7 50. Rd1 Nh6 51. Ne5 Ra2 52. h3 Rh2 53. Kg3 Re2
54. Kf3 Rh2 55. Kg3 Re2 1/2-1/2

[Event "TCh-ESP Div Honor 2015"]
[Site "Linares ESP"]
[Date "2015.08.17"]
[Round "3.1"]
[Board "4"]
[White "Gonzalez De La Torre, Santiago"]
[Black "Romero Holmes, Alfonso"]
[Result "1-0"]
[WhiteTitle "IM"]
[BlackTitle "GM"]
[WhiteElo "2438"]
[BlackElo "2451"]
[WhiteTeam "Gros Xake Taldea"]
[BlackTeam "Escola d'escacs de Barcelona"]
[WhiteFideId "2221667"]
[BlackFideId "2200066"]
[EventDate "2015.08.15"]

1. e4 c6 2. d4 d5 3. Nc3 dxe4 4. Nxe4 Nf6 5. Nxf6+ exf6 6. c3 Bd6 7. Bd3 O-O 8.
Qc2 Re8+ 9. Ne2 g6 10. h4 Be6 11. h5 f5 12. hxg6 fxg6 13. Bh6 Bf7 14. O-O-O Nd7
15. g4 fxg4 16. Rdg1 Qa5 17. Rxg4 Rxe2 18. Bxe2 Qxa2 19. Rhg1 Bf8 20. Bxf8 Nxf8
21. Re4 b5 22. Re7 a5 23. c4 Qa1+ 24. Qb1 Qa4 25. Qf5 Bxc4 26. Qf6 Qa1+ 27. Kc2
Qa4+ 28. Kd2 Qb4+ 29. Kc1 Qc3+ 1-0

[Event "TCh-ESP Div Honor 2015"]
[Site "Linares ESP"]
[Date "2015.08.17"]
[Round "3.1"]
[Board "5"]
[White "Gual Pascual, Antonio"]
[Black "Argandona Riveiro, Inigo"]
[Result "1/2-1/2"]
[WhiteTitle "IM"]
[BlackTitle "IM"]
[WhiteElo "2439"]
[BlackElo "2429"]
[WhiteTeam "Escola d'escacs de Barcelona"]
[BlackTeam "Gros Xake Taldea"]
[WhiteFideId "2200589"]
[BlackFideId "2212072"]
[EventDate "2015.08.15"]

1. d4 Nf6 2. c4 e5 3. dxe5 Ng4 4. e3 Nxe5 5. Nc3 Nbc6 6. f4 Ng6 7. Bd3 Bb4 8.
Ne2 b6 9. O-O Bb7 10. a3 Bxc3 11. Nxc3 Nf8 12. e4 Qh4 13. Be3 O-O-O 14. Nd5 Re8
15. Rf3 Qd8 16. Qa4 d6 17. b4 Nd7 18. Rc1 Nf6 19. Nxf6 gxf6 20. Bf2 f5 21. exf5
Ne5 22. Rg3 Nxd3 23. Rxd3 Rhg8 24. Rg3 Rxg3 25. hxg3 Re2 26. c5 dxc5 27. Rd1 Qe8
28. Qxe8+ Rxe8 29. bxc5 h5 30. Rc1 Kd7 31. Rc2 Be4 32. Rd2+ Kc6 33. cxb6 axb6
34. f6 Ra8 35. Rd4 Bd5 36. a4 Bb3 37. Rb4 Bxa4 38. f5 Bd1 39. Rc4+ Kb7 40. Rd4
Ra1 41. Kh2 Bb3 42. g4 hxg4 43. Kg3 Rd1 44. Kxg4 Rxd4+ 45. Bxd4 c5 46. Be5 Kc6
47. Kf4 Bc2 48. g4 b5 49. g5 Kd7 50. g6 fxg6 51. f7 Ke7 52. Bd6+ Kxf7 53. fxg6+ 1/2-1/2

[Event "TCh-ESP Div Honor 2015"]
[Site "Linares ESP"]
[Date "2015.08.17"]
[Round "3.1"]
[Board "6"]
[White "Etchegaray, Patrice"]
[Black "Aranaz Murillo, Amalia"]
[Result "0-1"]
[WhiteTitle "IM"]
[BlackTitle "WIM"]
[WhiteElo "2393"]
[BlackElo "2287"]
[WhiteTeam "Gros Xake Taldea"]
[BlackTeam "Escola d'escacs de Barcelona"]
[WhiteFideId "601047"]
[BlackFideId "22200371"]
[EventDate "2015.08.15"]

1. e4 c5 2. Nf3 Nc6 3. Bb5 g6 4. O-O Bg7 5. c3 Nf6 6. d4 cxd4 7. cxd4 Nxe4 8. d5
Nd6 9. Bd3 Nb4 10. Nc3 b6 11. Re1 O-O 12. Bf4 Bb7 13. Bf1 Rc8 14. Ne5 Rc5 15.
Nd3 Nxd3 16. Qxd3 Nc4 17. Bc1 d6 18. Qh3 Ne5 19. Be3 Rc7 20. Rad1 Qc8 21. Qg3
Qg4 22. Bg5 Qxg3 23. hxg3 h6 24. Be3 Ng4 25. Nb5 Nxe3 26. Rxe3 Rd7 27. Nxa7 Bxd5
28. Rxd5 Rxa7 29. Rb5 Rc8 30. a3 Bd4 31. Re2 Rc1 32. g4 Rac7 33. Rd2 e5 34. g3
R7c2 35. Rxc2 Rxc2 36. Bg2 Rxf2 37. Rd5 Rxb2+ 38. Kh1 Bc5 39. Rd3 Ra2 40. Bd5
Rxa3 0-1

[Event "TCh-ESP Div Honor 2015"]
[Site "Linares ESP"]
[Date "2015.08.17"]
[Round "3.2"]
[Board "1"]
[White "Dominguez Perez, Leinier"]
[Black "Harikrishna, Pentala"]
[Result "1/2-1/2"]
[WhiteTitle "GM"]
[BlackTitle "GM"]
[WhiteElo "2736"]
[BlackElo "2740"]
[WhiteTeam "Sestao Fundacion EDP"]
[BlackTeam "Solvay"]
[WhiteFideId "3503240"]
[BlackFideId "5007003"]
[EventDate "2015.08.15"]

1. e4 e5 2. Nf3 Nc6 3. Bb5 a6 4. Ba4 Nf6 5. O-O Be7 6. Re1 b5 7. Bb3 d6 8. c3
O-O 9. h3 Na5 10. Bc2 c5 11. d4 Qc7 12. Nbd2 cxd4 13. cxd4 Nc6 14. Nb3 a5 15.
Be3 a4 16. Nbd2 Nb4 17. Bb1 a3 18. Qb3 Qa5 19. bxa3 Qxa3 20. dxe5 dxe5 21. Nxe5
Bb7 22. Bd4 Nh5 23. g3 Qxb3 24. axb3 Rxa1 25. Bxa1 Rd8 26. Nef3 Bc5 27. Rc1 Bb6
28. Kf1 Nd3 29. Bxd3 Rxd3 30. Bd4 Bxd4 31. Rc7 Bxf2 32. Kxf2 Ba6 33. Rc6 Bb7 34.
Rc7 Ba6 35. Rc6 Bb7 36. Rb6 Rd7 37. Rxb5 g6 38. b4 f6 39. Rb6 Re7 40. b5 Bxe4
41. g4 Nf4 42. Rxf6 Nxh3+ 43. Kg3 Bxf3 44. Rxf3 Ng1 45. Rb3 Ne2+ 46. Kh4 Rb7 47.
b6 Nd4 48. Rb1 h5 49. Ne4 hxg4 50. Nc5 Rb8 51. b7 Nf5+ 52. Kg5 Nd6 53. Kxg6 g3
54. Rb2 Nxb7 55. Nd7 g2 56. Rxg2 Rc8 57. Kf6+ Kh7 58. Rh2+ Kg8 59. Rg2+ Kh7 60.
Rh2+ Kg8 61. Ke7 Rc7 62. Rg2+ Kh7 63. Ke8 Kh6 1/2-1/2

[Event "TCh-ESP Div Honor 2015"]
[Site "Linares ESP"]
[Date "2015.08.17"]
[Round "3.2"]
[Board "2"]
[White "Adhiban, Baskaran"]
[Black "Ponomariov, Ruslan"]
[Result "1/2-1/2"]
[WhiteTitle "GM"]
[BlackTitle "GM"]
[WhiteElo "2643"]
[BlackElo "2711"]
[WhiteTeam "Solvay"]
[BlackTeam "Sestao Fundacion EDP"]
[WhiteFideId "5018471"]
[BlackFideId "14103320"]
[EventDate "2015.08.15"]

1. e4 c6 2. d4 d5 3. exd5 cxd5 4. c4 Nf6 5. Nc3 e6 6. Nf3 Be7 7. cxd5 Nxd5 8.
Bd3 O-O 9. O-O Nc6 10. Re1 Nf6 11. a3 a6 12. Bc2 b5 13. Qd3 g6 14. Bh6 Re8 15.
Rad1 Bb7 16. h4 Rc8 17. Bb1 Na5 18. Ne5 Nc4 19. Qe2 Qb6 20. Ba2 Nxe5 21. Qxe5
Qd6 22. Bg5 Qxe5 23. dxe5 Nh5 24. Rd7 Bxg5 25. hxg5 Bc6 26. Rd4 Red8 27. Red1
Rxd4 28. Rxd4 Kf8 29. Bb1 Ng7 30. g4 Ne8 31. Be4 Ke7 32. Kg2 Bd7 33. f4 a5 34.
Kf2 Rb8 35. Bf3 Nc7 36. Ne4 Nd5 37. Nf6 Nxf6 38. gxf6+ Ke8 39. Rd1 b4 40. a4 Rc8
41. Rh1 Bxa4 42. Ra1 Bd7 43. Rxa5 h6 44. Ke3 Kd8 45. Bd1 g5 46. fxg5 hxg5 47.
Ba4 Bxa4 48. Rxa4 Rc4 49. Ra8+ Kd7 50. Rf8 Kc6 51. Rxf7 Kd5 52. Rb7 Kxe5 53. f7
Re4+ 54. Kd3 Rd4+ 55. Kc2 Rc4+ 56. Kb3 Rf4 57. Rb5+ Kd6 58. Rxg5 Rxf7 59. Kxb4
e5 60. Rg8 Rb7+ 61. Kc3 Rc7+ 62. Kd3 Rb7 63. Kc2 Rc7+ 64. Kb1 e4 65. g5 e3 66.
Re8 Rg7 67. Rxe3 Rxg5 68. Rc3 Rc5 69. Rh3 Kc6 70. Ka2 Kb6 71. Rh4 Rg5 1/2-1/2

[Event "TCh-ESP Div Honor 2015"]
[Site "Linares ESP"]
[Date "2015.08.17"]
[Round "3.2"]
[Board "4"]
[White "Delchev, Aleksander"]
[Black "Vallejo Pons, Francisco"]
[Result "1/2-1/2"]
[WhiteTitle "GM"]
[BlackTitle "GM"]
[WhiteElo "2604"]
[BlackElo "2686"]
[WhiteTeam "Solvay"]
[BlackTeam "Sestao Fundacion EDP"]
[WhiteFideId "2900394"]
[BlackFideId "2205530"]
[EventDate "2015.08.15"]

1. c4 f5 2. d4 Nf6 3. g3 g6 4. Bg2 Bg7 5. Nc3 O-O 6. Nh3 e6 7. O-O d6 8. b3 c6
9. Ba3 Qa5 10. Qc1 Rd8 11. Rd1 Qc7 12. d5 Qe7 13. dxe6 Bxe6 14. Qf4 Nh5 15. Qe3
Na6 16. Rac1 Bf6 17. Bf3 Ng7 18. Nf4 Nc7 19. Rd3 g5 20. Nxe6 Ncxe6 21. Rcd1 g4
22. Rxd6 Bxc3 23. Rxd8+ Rxd8 24. Bxe7 Rxd1+ 25. Kg2 Bd4 26. Qh6 gxf3+ 27. Kxf3
Kf7 28. Bh4 Be5 29. Kg2 Rd6 30. Qe3 Bd4 31. Qc1 a6 1/2-1/2

[Event "TCh-ESP Div Honor 2015"]
[Site "Linares ESP"]
[Date "2015.08.17"]
[Round "3.2"]
[Board "5"]
[White "Rodshtein, Maxim"]
[Black "Cacho Reigadas, Sergio"]
[Result "1-0"]
[WhiteTitle "GM"]
[BlackTitle "IM"]
[WhiteElo "2678"]
[BlackElo "2512"]
[WhiteTeam "Sestao Fundacion EDP"]
[BlackTeam "Solvay"]
[WhiteFideId "2806851"]
[BlackFideId "2202450"]
[EventDate "2015.08.15"]

1. d4 Nf6 2. c4 e6 3. Nc3 d5 4. cxd5 exd5 5. Bg5 c6 6. e3 Be7 7. Qc2 Nbd7 8. Bd3
Nh5 9. Bxe7 Qxe7 10. Nge2 g6 11. O-O Ndf6 12. Qd2 O-O 13. f3 c5 14. dxc5 Qxc5
15. Nd4 Ng7 16. Rac1 Ne6 17. Nce2 Qb6 18. Rc3 Qa5 19. Nb3 Qb6 20. Nbd4 Qa5 21.
Nb3 Qb6 22. Ned4 Bd7 23. Nxe6 Bxe6 24. Rfc1 Qd6 25. Rc7 Rfb8 26. Bb5 a6 27. Bf1
Ne8 28. R7c3 Rd8 29. Rc5 d4 30. Qxd4 Qb6 31. Qc3 Rac8 32. Rxc8 Rxc8 33. Qd2 Rd8
34. Nd4 Nf6 35. b3 Nd5 36. Rd1 Ne7 37. Qe1 Nc6 38. Qc3 Qb4 39. Qxb4 Nxb4 40. Rd2
a5 41. Kf2 f6 42. Bb5 Bf7 43. a3 Na6 44. Bxa6 bxa6 45. Rc2 Rb8 46. Rc3 f5 47.
Ke2 Rb6 48. Kd3 a4 49. b4 Be8 50. Rc8 Kf8 51. Kc4 Rf6 52. Rc7 Kg8 53. Kd5 1-0

[Event "TCh-ESP Div Honor 2015"]
[Site "Linares ESP"]
[Date "2015.08.17"]
[Round "3.2"]
[Board "6"]
[White "Ubilava, Elizbar"]
[Black "Salgado Lopez, Ivan"]
[Result "1/2-1/2"]
[WhiteTitle "GM"]
[BlackTitle "GM"]
[WhiteElo "2481"]
[BlackElo "2615"]
[WhiteTeam "Solvay"]
[BlackTeam "Sestao Fundacion EDP"]
[WhiteFideId "13600052"]
[BlackFideId "2257327"]
[EventDate "2015.08.15"]

1. Nf3 c5 2. c4 Nc6 3. d4 cxd4 4. Nxd4 Nf6 5. Nc3 e6 6. g3 Qb6 7. Ndb5 Ne5 8.
Bf4 Nfg4 9. e3 a6 10. h3 axb5 11. hxg4 Nxc4 12. Qb3 d5 13. Bxc4 dxc4 14. Qxb5+
Qxb5 15. Nxb5 Ra5 16. a4 Bb4+ 17. Ke2 Ke7 18. g5 Bd7 19. Be5 f6 20. gxf6+ gxf6
21. Bc3 Bxc3 22. Nxc3 h5 23. Ra3 Rha8 24. b4 cxb3 25. Rxb3 Bc6 26. Rh4 Rg8 27.
Rhb4 Rg4 28. Kd3 f5 29. Rxg4 hxg4 30. Kc4 Kd6 31. Kb4 Ra8 32. Rb2 Rh8 33. Rd2+
Ke5 34. a5 Rh1 35. Rb2 Ra1 36. Rd2 Rc1 37. Rb2 Kf6 38. Ra2 Ke5 39. Rd2 Ra1 40.
Rb2 Rf1 41. Kc5 Rc1 42. Kb4 Kd6 43. Ra2 Ke5 1/2-1/2

[Event "TCh-ESP Div Honor 2015"]
[Site "Linares ESP"]
[Date "2015.08.17"]
[Round "3.3"]
[Board "1"]
[White "Granda Zuniga, Julio E"]
[Black "Sargissian, Gabriel"]
[Result "0-1"]
[WhiteTitle "GM"]
[BlackTitle "GM"]
[WhiteElo "2663"]
[BlackElo "2673"]
[WhiteTeam "Ajedrez Collado Villalba"]
[BlackTeam "Magic Extremadura"]
[WhiteFideId "3800024"]
[BlackFideId "13300881"]
[EventDate "2015.08.15"]

1. d4 Nf6 2. c4 e6 3. Nf3 d5 4. Nc3 Be7 5. Bg5 h6 6. Bh4 O-O 7. e3 b6 8. cxd5
Nxd5 9. Bxe7 Qxe7 10. Rc1 Bb7 11. Be2 Rc8 12. O-O c5 13. Ne5 Nxc3 14. Rxc3 Nc6
15. Nxc6 Rxc6 16. Bf3 Rd6 17. Bxb7 Qxb7 18. Qg4 cxd4 19. exd4 Qd5 20. Rd1 Rad8
21. a3 e5 22. Rc7 exd4 23. Rxa7 d3 24. Re7 d2 25. Re3 Rc6 26. h3 Rc1 27. Kh2
Rxd1 28. Qxd1 Qc5 0-1

[Event "TCh-ESP Div Honor 2015"]
[Site "Linares ESP"]
[Date "2015.08.17"]
[Round "3.3"]
[Board "2"]
[White "Oparin, Grigoriy"]
[Black "Fier, Alexandr"]
[Result "1/2-1/2"]
[WhiteTitle "GM"]
[BlackTitle "GM"]
[WhiteElo "2564"]
[BlackElo "2636"]
[WhiteTeam "Magic Extremadura"]
[BlackTeam "Ajedrez Collado Villalba"]
[WhiteFideId "24125890"]
[BlackFideId "2107139"]
[EventDate "2015.08.15"]

1. e4 c5 2. Nf3 e6 3. d4 cxd4 4. Nxd4 Nc6 5. Nc3 Nf6 6. Ndb5 d6 7. Bf4 e5 8. Bg5
a6 9. Na3 b5 10. Nd5 Be7 11. Bxf6 Bxf6 12. c4 b4 13. Nc2 a5 14. g3 O-O 15. h4 a4
16. Qd2 Be6 17. Nce3 Qa5 18. Nxf6+ gxf6 19. Bg2 b3 20. axb3 Qxd2+ 21. Kxd2 Rfb8
22. Rxa4 Rxa4 23. bxa4 Rxb2+ 24. Kc3 Ra2 25. Rb1 Rxa4 26. Rb6 Nd4 27. Rxd6 Ra2
28. Nf5 Rc2+ 29. Kb4 Rxc4+ 30. Ka5 Nxf5 31. exf5 Bxf5 32. Rxf6 Be6 33. Bf1 Rc3
34. Be2 e4 35. Rf4 e3 36. fxe3 Rxe3 37. Bf3 Rb3 38. g4 h6 39. Ka4 Kg7 40. Be4
Rc3 41. Bf3 Rb3 42. Be4 Rh3 43. g5 hxg5 44. hxg5 Rc3 45. Kb5 Rc4 46. Rh4 Kf8 47.
Rh8+ Ke7 48. Bf5 Rf4 49. Bxe6 Kxe6 50. Rg8 Rg4 51. Rg7 f6 52. gxf6 Rxg7 53. fxg7
Kf7 54. Kc4 Kxg7 1/2-1/2

[Event "TCh-ESP Div Honor 2015"]
[Site "Linares ESP"]
[Date "2015.08.17"]
[Round "3.3"]
[Board "3"]
[White "Vazquez Igarza, Renier"]
[Black "Svetushkin, Dmitry"]
[Result "1/2-1/2"]
[WhiteTitle "GM"]
[BlackTitle "GM"]
[WhiteElo "2581"]
[BlackElo "2580"]
[WhiteTeam "Ajedrez Collado Villalba"]
[BlackTeam "Magic Extremadura"]
[WhiteFideId "3503054"]
[BlackFideId "13900463"]
[EventDate "2015.08.15"]

1. d4 d5 2. Nf3 Nf6 3. c4 c6 4. Nc3 a6 5. a4 e6 6. Bg5 a5 7. e3 Be7 8. Be2 O-O
9. O-O Na6 10. Qb3 Nb4 11. Na2 dxc4 12. Bxc4 Nxa2 13. Qxa2 Nd5 14. Bxe7 Qxe7 15.
Rfd1 Nb4 16. Qb3 b6 17. Ne5 Bb7 18. Be2 c5 19. dxc5 Bd5 20. Qc3 Rac8 21. Nd3
Nxd3 22. Qxd3 Qxc5 23. h3 h6 24. Qd2 Qc2 25. Bf1 Qxd2 26. Rxd2 Rc5 27. f3 f5 28.
Bb5 Rfc8 29. Kf2 Kf7 30. Re1 Rc2 31. Ree2 Rxd2 32. Rxd2 Kf6 33. Ke2 Ke5 34. Rd4
Rc2+ 35. Rd2 Rc1 36. Rd1 Rc5 37. Rd4 g5 38. Kd2 f4 39. h4 fxe3+ 40. Kxe3 Rc2 41.
hxg5 hxg5 42. Rg4 Kf6 43. f4 Rxb2 44. fxg5+ Kf5 45. Rf4+ Kxg5 46. Rf8 Bxg2 47.
Kd4 Rb4+ 48. Ke5 Bd5 49. Rg8+ Kh4 50. Rg1 Bc4 51. Bxc4 Rxc4 52. Ra1 Rc6 53. Rg1
Kh3 54. Rg8 Kh4 55. Re8 Rc4 1/2-1/2

[Event "TCh-ESP Div Honor 2015"]
[Site "Linares ESP"]
[Date "2015.08.17"]
[Round "3.3"]
[Board "4"]
[White "Perez Candelario, Manuel"]
[Black "Arribas Lopez, Angel"]
[Result "1-0"]
[WhiteTitle "GM"]
[BlackTitle "GM"]
[WhiteElo "2569"]
[BlackElo "2559"]
[WhiteTeam "Magic Extremadura"]
[BlackTeam "Ajedrez Collado Villalba"]
[WhiteFideId "2210622"]
[BlackFideId "2283352"]
[EventDate "2015.08.15"]

1. e4 e6 2. d4 d5 3. Nc3 Nf6 4. Bg5 Be7 5. e5 Nfd7 6. h4 a6 7. Qg4 h5 8. Qg3
Bxg5 9. hxg5 c5 10. dxc5 g6 11. O-O-O Nxc5 12. f4 b5 13. Qe3 Qb6 14. Kb1 Nc6 15.
Nf3 b4 16. Ne2 Rb8 17. g4 Na5 18. b3 Ne4 19. Nfd4 Nb7 20. gxh5 gxh5 21. Bg2 Nbc5
22. Bxe4 Nxe4 23. Rdg1 Rg8 24. Rxh5 a5 25. f5 exf5 26. Rh6 Qc7 27. g6 fxg6 28.
Rhxg6 Rxg6 29. Rxg6 Qxe5 30. Nc6 Qh2 31. Nxb8 Qxb8 32. Qh6 Kd8 33. Qh8+ 1-0

[Event "TCh-ESP Div Honor 2015"]
[Site "Linares ESP"]
[Date "2015.08.17"]
[Round "3.3"]
[Board "5"]
[White "Moreno Ruiz, Javier"]
[Black "Antipov, Mikhail Al."]
[Result "0-1"]
[WhiteTitle "IM"]
[BlackTitle "GM"]
[WhiteElo "2467"]
[BlackElo "2515"]
[WhiteTeam "Ajedrez Collado Villalba"]
[BlackTeam "Magic Extremadura"]
[WhiteFideId "2203146"]
[BlackFideId "4107012"]
[EventDate "2015.08.15"]

1. d4 e6 2. c4 b6 3. e4 Bb7 4. Bd3 Nc6 5. Ne2 Bb4+ 6. Nbc3 Nge7 7. O-O O-O 8.
Na4 Ng6 9. c5 bxc5 10. a3 c4 11. Bxc4 Be7 12. b4 f5 13. e5 d5 14. exd6 Bxd6 15.
Nc5 Bxc5 16. dxc5 Qf6 17. Qb3 f4 18. Bb2 Nce5 19. f3 Nh4 20. Bxe6+ Kh8 21. Rf2
Rae8 22. Nd4 Qg6 23. Bd5 Bxd5 24. Qxd5 Nd3 25. Rd2 Rd8 26. Qb3 Rxd4 27. Bxd4
Nxf3+ 28. Kh1 Nxd2 29. Qd1 Ne4 30. Ra2 Rd8 0-1

[Event "TCh-ESP Div Honor 2015"]
[Site "Linares ESP"]
[Date "2015.08.17"]
[Round "3.3"]
[Board "6"]
[White "Moreno Tejera, Emilio"]
[Black "Ortega Ruiz, Jose Miguel"]
[Result "1-0"]
[WhiteTitle "IM"]
[BlackTitle "FM"]
[WhiteElo "2444"]
[BlackElo "2300"]
[WhiteTeam "Magic Extremadura"]
[BlackTeam "Ajedrez Collado Villalba"]
[WhiteFideId "2227584"]
[BlackFideId "2209713"]
[EventDate "2015.08.15"]

1. e4 e5 2. Nf3 Nc6 3. Bc4 Nf6 4. d3 Be7 5. O-O O-O 6. Re1 d6 7. c3 Na5 8. Bb5
a6 9. Ba4 b5 10. Bc2 c5 11. Nbd2 Nc6 12. Nf1 Re8 13. h3 Qc7 14. a4 b4 15. Bg5
bxc3 16. bxc3 Qa5 17. Bb3 Rb8 18. Rb1 Bd7 19. Qc2 Rec8 20. Ne3 Qd8 21. Bc4 Qa5
22. Nd5 Kf8 23. Ne3 h6 24. Bh4 g5 25. Bg3 Nh5 26. Bb3 Nxg3 27. fxg3 c4 28. Bxc4
Qc5 29. Qf2 Nd8 30. Bxa6 Rxb1 31. Rxb1 Ra8 32. Bc4 Bxa4 33. Rf1 Be8 34. d4 Qa5
35. Nd5 Rc8 36. Ba2 Rxc3 37. Nxc3 Qxc3 38. Kh1 Bf6 39. Nh4 Bg7 40. Nf5 Bb5 41.
Nxg7 Bxf1 42. Ne6+ Ke8 43. Nxd8 Qa1 44. Bxf7+ Kxd8 45. Qf6+ Kc8 46. Be6+ Kb8 47.
Qd8+ Ka7 48. Qc7+ Ka6 49. Qxd6+ Ka7 50. Qc5+ Kb8 51. Qb6+ 1-0

[Event "TCh-ESP Div Honor 2015"]
[Site "Linares ESP"]
[Date "2015.08.17"]
[Round "3.4"]
[Board "1"]
[White "Anton Guijarro, David"]
[Black "Kryvoruchko, Yuriy"]
[Result "0-1"]
[WhiteTitle "GM"]
[BlackTitle "GM"]
[WhiteElo "2635"]
[BlackElo "2697"]
[WhiteTeam "Chess24-VTI-Atocha"]
[BlackTeam "Merida Patrimonio Humanidad"]
[WhiteFideId "2285525"]
[BlackFideId "14109182"]
[EventDate "2015.08.15"]

1. Nf3 Nf6 2. g3 b6 3. Bg2 Bb7 4. O-O e6 5. d3 d5 6. Nbd2 Be7 7. e4 dxe4 8. dxe4
O-O 9. Qe2 Nc6 10. e5 Nd7 11. Rd1 Qc8 12. Nc4 Rd8 13. Bf4 Nf8 14. h4 Rxd1+ 15.
Rxd1 Qe8 16. h5 h6 17. c3 Rd8 18. Nfd2 Rd7 19. b4 Qa8 20. Ne3 Nd8 21. Bxb7 Qxb7
22. a4 Qc6 23. Rc1 Qxa4 24. Ne4 Nh7 25. Ng4 Kh8 26. Nxh6 gxh6 27. Bxh6 f5 28.
exf6 Nxf6 29. Bf4 Rd5 30. c4 Rf5 31. Nxf6 Bxf6 32. Bxc7 Qe8 33. g4 Rg5 34. Bf4
Rg7 35. h6 Rg6 36. f3 Nf7 37. Rd1 Nxh6 38. Kf1 Nf7 39. Qe4 Kg7 40. Be3 Qa4 41.
Ke2 Bc3 42. c5 e5 43. Rh1 Qxb4 44. Qd5 Qb2+ 45. Kf1 Qb5+ 46. Kf2 Qc6 47. Qc4 Rf6
48. Rh3 Bd4 49. Bxd4 exd4 50. Qxd4 Qxc5 51. Qxc5 bxc5 52. Rh5 Rc6 53. Ke3 c4 54.
Kd2 Nd6 55. f4 Ne4+ 56. Kc2 Ra6 57. Re5 Ra2+ 58. Kc1 Nf2 59. Re7+ Kf6 60. Rc7
Nd3+ 61. Kb1 Rb2+ 62. Ka1 Rc2 63. Rxa7 Rc1+ 64. Ka2 Nxf4 0-1